Egy tankönyvi szövegrészlet mondatszerkesztési sajátossága

Elmentve itt :
Bibliográfiai részletek
Szerző: Kondacs Flóra
Dokumentumtípus: Könyv része
Megjelent: Közigazgatási és Igazságügyi Hivatal Budapest 2015
Sorozat:Így kutattunk mi! Tudományos cikkgyűjtemény 1
mtmt:3084446
Online Access:http://publicatio.bibl.u-szeged.hu/8521
LEADER 00809naa a2200193 i 4500
001 publ8521
005 20190522153911.0
008 170214s2015 hu o 0|| magyar d
020 |a 978 615 80100 1 6 
024 7 |a 3084446  |2 mtmt 
040 |a SZTE Publicatio Repozitórium  |b hun 
041 |a magyar 
100 1 |a Kondacs Flóra 
245 1 0 |a Egy tankönyvi szövegrészlet mondatszerkesztési sajátossága  |h [elektronikus dokumentum] /  |c  Kondacs Flóra 
260 |a Közigazgatási és Igazságügyi Hivatal  |b Budapest  |c 2015 
300 |a 156-159 
490 0 |a Így kutattunk mi! Tudományos cikkgyűjtemény 1 
856 4 0 |u http://publicatio.bibl.u-szeged.hu/8521/11/NKP_tanulmany_u.pdf  |z Dokumentum-elérés  
856 4 0 |u http://publicatio.bibl.u-szeged.hu/8521/12/8521_bor%C3%ADt%C3%B3-tartalom.pdf  |z Dokumentum-elérés